00272nam a2200085Ia 4500008004100000100002300041245007800064260003600142300000800178201216s9999 xx 000 0 und d aRuffner, Robert H. 0aHandbook of publicity & public relations for the non-profit organization aEnglewood CliffsbPrentice Hall a247